000 02123cam a2200349 4500500
005 20251228083332.0
041 _afre
042 _adc
100 1 0 _aAbiven, Karine
_eauthor
245 0 0 _aLa familiarité de Vincent Voiture au prisme du style des « transfuges de classe » : langue commune et littérature
260 _c2024.
500 _a17
520 _aPar un rapprochement heuristique, certains traits de l’écriture des « transfuges de classe » d’aujourd’hui jettent une nouvelle lumière sur le style familier au xviie siècle. Annie Ernaux et ses épigones font un emploi abondant et problématisé de la langue ordinaire, en particulier en citant des expressions figées à connotations populaires. Ce point mène à comprendre la conflictualité sociale inhérente à l’importation de tours figés dans toute littérature mettant en jeu les statuts sociaux, comme celle de Vincent Voiture dans les années 1640.
520 _aThrough a heuristic comparison, some features of the writing of today’s “class defectors” shed new light on familiarity in the French seventeenth century. Annie Ernaux and her epigones make abundant and problematized use of ordinary language, particularly by quoting fixed expressions with popular connotations. This point leads to an understanding of the social conflict inherent in the importation of lexicalized expressions in any literature involving social status, such as that of Vincent Voiture in the 1640s.
690 _aAnnie Ernaux
690 _afamiliarité
690 _aphraséologie
690 _apopulaire
690 _aproverbe
690 _aroturier
690 _atransfuges de classe ; Vincent Voiture
690 _aAnnie Ernaux
690 _aclass defectors
690 _acommoner
690 _afamiliarity
690 _aphraseology
690 _apopular
690 _aproverb
690 _aVincent Voiture
786 0 _nDix-septième siècle | 303 | 2 | 2024-05-30 | p. 323-335 | 0012-4273
856 4 1 _uhttps://shs.cairn.info/revue-dix-septieme-siecle-2024-2-page-323?lang=fr&redirect-ssocas=7080
999 _c1601080
_d1601080